000 00324nam a22001217a 4500
008 241218b |||||||| |||| 00| 0 eng d
020 _a9781444759549
100 _aDobelli, Rolf.
245 _aThe art of thinking clearly.
260 _aLondon :
_bHodder& Stoughtin Ltd,
_c2013.
300 _ax, p.326;
_c18 Cm.
942 _2ddc
999 _c10121
_d10122